Výtvarná geometria

Salvato in:
Dettagli Bibliografici
Autori principali: Crhák, František (Autore), Kostka, Zdeněk (Autore)
Natura: Libro
Lingua:slovacco
Pubblicazione: Bratislava : Slovenské pedagogické nakladateľstvo, 1984
Soggetti:
Tags: Aggiungi Tag
Nessun Tag, puoi essere il primo ad aggiungerne!!

MARC

LEADER 00000nam a22000003a 4500
001 stu87095
005 20150617225629.4
008 040519s1984----cs------------------slo-d
040 |a STU  |b slo 
041 0 |a slo 
044 |a cs 
080 |a 514 
080 |a 72.01 
100 1 |a Crhák, František  |4 aut 
245 1 |a Výtvarná geometria 
260 |a Bratislava :  |b Slovenské pedagogické nakladateľstvo,  |c 1984 
300 |a 159 s 
650 7 |a geometria  |2 stusub 
650 7 |a umenie výtvarné  |2 stusub 
700 1 |a Kostka, Zdeněk  |4 aut 
996 |b 284J021299  |c J*74373  |l JJSK  |s A  |a 24  |w stu87095_0001 
996 |b 284J021301  |c J*74376  |l JJSK  |s A  |a 24  |w stu87095_0002 
996 |b 284J021302  |c J*74377  |l JJSK  |s A  |a 24  |w stu87095_0003 
996 |b 284J021303  |c J*74378  |l JJSK  |s A  |a 24  |w stu87095_0004 
996 |b 284J021297  |c J*74370  |l JJSK  |s A  |a 24  |w stu87095_0005 
996 |b 284J021298  |c J*74372  |l JJSK  |s A  |a 24  |w stu87095_0006 
996 |b 284J021300  |c J*74375  |l JJSK  |s A  |a 24  |w stu87095_0007 
996 |b 284J021141  |c J*74369  |l JJSK  |s A  |a 24  |w stu87095_0008